Case study in business systems design: (Record no. 13950)
[ view plain ]
| 000 -LEADER | |
|---|---|
| fixed length control field | 00358nam a22001217a 4500 |
| 008 - FIXED-LENGTH DATA ELEMENTS--GENERAL INFORMATION | |
| fixed length control field | 190617b ||||| |||| 00| 0 eng d |
| 082 ## - DEWEY DECIMAL CLASSIFICATION NUMBER | |
| Edition number | 1970 |
| Classification number | DC 658.4038011 |
| Item number | C26 |
| 245 ## - TITLE STATEMENT | |
| Title | Case study in business systems design: |
| Remainder of title | laboratory manual/ |
| 260 ## - PUBLICATION, DISTRIBUTION, ETC. (IMPRINT) | |
| Date of publication, distribution, etc. | ©1970. |
| 300 ## - PHYSICAL DESCRIPTION | |
| Extent | 90 pages; |
| Dimensions | 24 cm. |
| 650 ## - SUBJECT ADDED ENTRY--TOPICAL TERM | |
| Topical term or geographic name as entry element | Business -- Data processing |
| 9 (RLIN) | 37918 |
| 942 ## - ADDED ENTRY ELEMENTS (KOHA) | |
| Source of classification or shelving scheme | Dewey Decimal Classification |
| Koha item type | Circulation |
| Withdrawn status | Lost status | Source of classification or shelving scheme | Damaged status | Not for loan | Home library | Current library | Date acquired | Total Checkouts | Full call number | Barcode | Date last seen | Copy number | Price effective from | Koha item type |
|---|---|---|---|---|---|---|---|---|---|---|---|---|---|---|
| Dewey Decimal Classification | UM Digos College - LIC | UM Digos College - LIC | 06/17/2019 | DC 658.4038011 C26 1970 | 17114 | 06/08/2021 | 1 | 06/17/2019 | Circulation |
